000 00480cam a22001932a 4500
001 020934
003 AR-FADEU
008 311216n1962####xxu####################dd
092 _a300
_bD985
_eJLS
100 _aDuverger, Maurice
245 _aMétodos de las ciencias sociales
260 _aBarcelona-Caracas
260 _bAriel
260 _c1962
300 _a593 p
440 _aDemos, ciencia política
650 _aCIENCIAS SOCIALES-METODOLOGIA/JLS/
942 _cJLS
999 _c26653
_d26653